| 000 | 02670 a2200241 4500 | ||
|---|---|---|---|
| 001 | 23114 | ||
| 005 | 20260407155520.0 | ||
| 008 | 260407a1962 arg spa d | ||
| 003 | AR-UNSa-BCEJYS | ||
| 040 |
_aAR-UNSa-BCEJYS _bspa _cAR-UNSa-BCEJYS |
||
| 080 |
_a330 _xEconomía en general |
||
| 245 | 1 | 0 |
_aGuia de estudio y libro de ejercicios _pdel curso de conomía moderna |
| 250 | _a2a. ed | ||
| 264 | 1 |
_aMadrid : _bAguilar _c1962 |
|
| 300 |
_a512 p. _c21 cm. |
||
| 505 | _a1. Introducción - 2. Los problemas centrales de toda sociedad económica - 3. Funcionamiento del sistema mixto de empresa capitalista - 4. Ingresos individuales y familiares - 5. Las empresas: su organización e ingresos - 6. Función económica del estado: El gasto público,la regulación de la actividad económica y la financiación del gasto - 7. La función económica del estado: los impuestos federales y las haciendas locales - 8. Los trbajadores y las relaciones industriales - 9. La economía individual y los seguros sociales - 10. Renta y producto nacionles - 11. Ahorro, consumo e inversión - 12. La teoría de la deterinación de la renta - 13. El ciclo económico - 14. Precios y dinero - 15. El sistema bancario y la creación de depositos - 16. La politica monetaria de la banca central - 17. La politica monetaria de la banca central - 18. Síntesis de la politica monetaria y del análisis de la renta - 19. Detrminación del precio por la oferta y la demanda - 20. La oferta y la demanda aplicadas a la agricultura - 21. La oferta y la demanda aplicadas a la agricultura - 22. La dinámica de la especulación y del riego - 23. La teoría del consumo y la demanda - 24. El equilibrio de la empresa: Costes e ingresos - 25. La competencia imperfecta - 26. Teoría de la producción y de la productividad marginal - 27. Los precios de los factores de la producción: La renta de la tierra y de otros recursos naturales - 28. Los salarios de competencia y las negociaciones colectivas - 29. El interés y el capital - 30. Beneficios y alicientes - 31. La balanza de los pagos internacionales - 32. El comercio internacional y la teoría de los costes comparativos - 33. Teoría de la protección arancelaria y de la actualidad - 34. Los problemas económicos internacionales de la actualidad - 35. La teoría económica de la tecnología - 36. La economía de guerra y defensa - 37. Problemas de crecimiento y del desarrollo - 38. Los distintos sistemas económicos. | ||
| 942 | _cBK | ||
| 590 | _aniveau_biblio:m niveau_hierar:0 | ||
| 100 | 1 | _aSamuelson, Paul A. | |
| 700 | 1 | _aRobinson, Romney | |
| 700 | 1 | _aBarinaga Blanco, Jose Luis | |
| 700 | 1 | _aBaldwin, George B. | |
| 999 |
_c1085 _d1085 |
||